Ferez-vous mieux que les candidates de Miss France 2024 ? - Statistiques

Statistiques générales
  • Ce quiz a été pris 993 fois
  • Le résultat moyen est 32 sur 60
Statistiques - réponses
Question Réponse % Correct
Quelle est la capitale de la Suisse ? Berne
80%
Quelle est la capitale du Brésil ? Brasilia
80%
Quel grand pays a une frontière commune avec la Guyane française ? Brésil
80%
Quel pays appelle-t-on « le pays du Soleil Levant » ? Japon
80%
Quelle est la capitale de la Bolivie ? La Paz
80%
Quelle est la capitale de la Norvège ? Oslo
80%
Quelle est la capitale du Maroc ? Rabat
80%
La Préhistoire commence avec l’apparition des premiers êtres humains sur terre. Quel évènement en marque la fin ? L'invention de l'écriture
76%
Si un article qui valait initialement 15 euros est soldé à moins 20%, son prix est de 12 euros
72%
Quel personnage historique est à l’origine du Code civil ? Napoléon 1er
72%
Quel petit pays a une frontière commune avec la Guyane française ? Suriname
72%
Nathan et Tom ont à eux deux 64 ans. Sachant que Nathan est 3 fois plus âgé que Tom, quel âge a Tom ? 16 ans
68%
Dans quelle ville se dérouleront les JO de 2024 ? Paris
68%
DICTEE : et exploration, seront au rendez-vous, bien loin des stéréotypes
68%
Dans quel moyen de transport a été signé l’Armistice du 11 novembre 1918 ? Train
68%
Quel évènement a-t-on fêté le 6 mai de cette année au Royaume-Uni ? Le couronnement de Charles III
64%
Dans la suite de quel film mythique des années 80 Tom Cruise a-t-il repris son rôle de Pete Maverick Mitchell en 2022 ? Top Gun
64%
DICTEE : se joue le destin étoilé de femmes incomparables mais unies
64%
Quelle est ma note moyenne si j’ai eu un 4, un 6, un 9 et un 20/20 ? 9.75
60%
Quel mot a le sens le plus proche de "consensus" ? Accord
60%
DICTEE : de voir enfin celle qui, (...) de succès aura atteint l'accomplissement personnel couronnée
60%
DICTEE : Sur les sentiers guyanais, entre dépaysement
60%
Quelle cérémonie récompense le monde de la musique aux Etats-Unis ? Grammy Awards
60%
Parmi ces propositions, lequel de ces animaux tue le plus d'hommes chaque année ? L'hippopotame
60%
Quelle pâtissière française est la première femme à avoir été sacrée « meilleur pâtissier du monde », prix décerné par L’Union International des Boulangers et Pâtissiers, en octobre dernier ? Nina Métayer
60%
DICTEE : Dans le coeur de la canopée
56%
Exact est à incorrect ce que "adroit" est à Gauche
56%
Qui est l'auteur de cette citation : "On ne nait pas femme. On le devient." Simone de Beauvoir
56%
Une immense nappe de déchets flotte dans l'océan pacifique, on estime sa taille à 3 fois la France
52%
Un croissant et une chouquette coûtent 2,10€ au total. Le croissant coûte 2€ de plus que la chouquette. Combien coûte la chouquette ? 5 centimes
52%
Quelle est la capitale de la Turquie ? Ankara
52%
En 1965, quel droit les femmes ont-elles obtenu ? d'ouvrir un compte en banque sans l'autorisation de leur mari
52%
DICTEE : par le lien (...) de la sororité infrangible
52%
Le 1er février 1954 alors qu'une vague de froid traverse la France, un homme lance un appel d'urgence sur les ondes et dans les journaux pour venir en aide aux sans-abr. Qui est-il ? L'abbé Pierre
52%
Dans le code de la route, est-il autorisé de téléphoner au volant muni d'une oreillette ? Non
52%
L’élection de Miss Univers a eu lieu au Salvador. Si vous allez à la plage dans ce pays, dans quel océan vous baignerez-vous ? Pacifique
52%
DICTEE : désuets, règles de bienséance, conseils avisés et quelques réjouissances linguistiques ; naviguer en... tapouille
52%
Quelle est la solution de l’équation : 28x + 30y + 31z = 365 x=1, y=4, z=7
52%
Dans un lac des nénuphars commencent à pousser. Chaque jour, la superficie qu’ils couvrent double de taille. S’il a fallu 48 jours aux nénuphars pour couvrir l’ensemble du lac, combien de jours leur a-t-il fallu pour en couvrir la moitié ? 47
48%
Dans quel pays sera organisée la prochaine coupe du monde de rugby ? Australie
48%
Quel célèbre duo de la chanson française a sorti en 2022 un album intitulé Les autres c'est nous ? Bigflo & Oli
48%
Trouvez le mot qui remplace le ? R3 J1 N6 D4 I5 A2 JARDIN C1 P5 R2 U4 E6 O3 ? Croupe
48%
DICTEE : Quand la splendeur physique se joint au mérite, avec force et détermination, c'est la nation tout entière qui attend impatiemment
48%
Qu'est ce qu'une plante endémique ? Une espèce qui ne se développe que dans une région géographiquement limitée
48%
Quel pays a intégré la zone euro cette année ? Croatie
44%
Quelle grande actrice française a prêté son image pour l’affiche du Festival de Cannes 2023 ? Catherine Deneuve
40%
Quelles sont les deux lettres qui complètent cette suite logique 21VN 32TX 43QS 54 ?? CE
40%
A combien estime-t-on le pourcentage d'eau douce sur terre ? 2.5 %
36%
Votre médecin vous prescrit 1 cachet à prendre toutes les 1⁄2 heures, combien de temps vous faudra-t-il pour prendre 6 cachets ? 2h30
36%
DICTEE : n'aura plus de secret pour nos calligraphes
36%
Sur quelle main le Penseur de Rodin appuie-t-il son menton ? Droite
36%
Quel prix Nobel les deux Français Anne L'Huilier et Pierre Agostini ont-ils reçu cette année ? Physique
32%
Complétez la suite numérique suivante : 3 13 1113 3113 132113
28%
Dans quelle ville s'est déroulée la COP 28 ? Dubaï
28%
L’année 2024 est synonyme de Jeux Olympiques. Quelle Miss France sera l’ambassadrice du Relais de la Flamme Olympique aux côtés de Thomas Pesquet, Jamel Debbouze et Thierry Marx ? Marine Lorphelin
28%
Quel artiste est 'auteur de la célèbre affiche La Goulue, Moulin rouge ? Toulouse-Lautrec
28%
Lequel de ces déchets met le plus de temps à se décomposer dans la nature ? la bouteille plastique
24%
DICTEE : ou déguster un blaff
16%
Combien y-a-t-il de restaurants étoilés en Côte d’Or en 2023 ? 15
8%
Combien y-a-t-il de restaurants étoilés en France en 2023 ? 630
8%
Aucun quiz correspondant
Distribution des résultats
% des personnes avec chaque résultat
Percentile par nombre de réponses
Votre historique - résultats
Vous n’avez pas pris ce quiz